00753nam a22001817a 450000500170000000800410001702000220005808200170008010000380009724500830013526000570021830000110027550000510028665000240033794200070036199900170036895201860038520260505145058.0260505b |||||||| |||| 00| 0 eng d a978-1-118-96332-6 a332.6bWID-P aWidger, Chuck aDr. Daniel Crosby aPersonal Benchmark :bIntegrating Behavioral Finance and Investment Management aNew JerseybJohn Wiley & Sons, Inc., Hoboken, c2014 a339 p. aIncludes bibliographical references and index. aInvestment advisors cBK c47525d47525 00w2026-05-051040708Business AdministrationaAUKCbAUKCcManagement Scienced2026-04-09eAli Book Servicesg1862.00iKA/10221l0o332.6 WID-PpAUKHP0653r2026-05-05 14:51:59yBK